[Event "TCh-RUS"]
[Site "Sochi RUS"]
[Date "2007.05.02"]
[Round "1"]
[White "Riazantsev,A"]
[Black "Tiviakov,S"]
[Result "1/2-1/2"]
[WhiteElo "2621"]
[BlackElo "2663"]

1.d4 Nf6 2.c4 e6 3.g3 d5 4.Bg2 Bb4+ 5.Nd2 O-O 6.Nf3 dxc4 7.Qc2 c5 8.dxc5 c3
9.bxc3 Bxc5 10.O-O Nc6 11.Ne4 Be7 12.Rd1 Qa5 13.Nd4 Nxd4 14.cxd4 Bd7 15.Nxf6+ Bxf6
16.Bxb7 Rab8 17.Be4 Ba4 18.Qd2 Qd8 19.Ba3 Re8 20.Bc2 Bxc2 21.Qxc2 Bxd4  1/2-1/2

[Event "Canadian Open"]
[Site "Ottawa CAN"]
[Date "2007.07.12"]
[Round "7"]
[White "Krnan,T"]
[Black "Tiviakov,S"]
[Result "1/2-1/2"]
[WhiteElo "2432"]
[BlackElo "2648"]

1.e4 c5 2.Nf3 d6 3.d4 cxd4 4.Nxd4 Nf6 5.Nc3 g6 6.Be2 Bg7 7.Be3 Nc6 8.O-O O-O
9.Qd2 Bd7 10.Rad1 Nxd4 11.Bxd4 Bc6 12.f4 Nd7 13.b4 e5 14.fxe5 Nxe5 15.b5 Bd7
16.Nd5 Be6 17.Be3 Rc8 18.Bg5 f6 19.Be3 Rf7 20.c3 b6 21.Nf4 Bc4 22.Bd4 Qe8
23.a4 Bb3 24.Rb1 Be6 25.Ra1 Bd7 26.Bd1 Kh8 27.Bb3 Rf8 28.Qa2 Bh6 29.Ne6 Bxe6
30.Bxe6 Rc7 31.Bd5 Bg7 32.Qe2 Nd7 33.Bc6 Qe6 34.Bxd7 Rxd7 35.Qe3 d5 36.exd5 Qxd5
37.a5 Qxb5 38.axb6 axb6 39.Rab1 Qd5 40.Rxb6 f5 41.Bxg7+ Kxg7 42.Re6 Rff7
43.Re5 Qd3 44.Re8 Qxe3+ 45.Rxe3 Rc7 46.h3 Rc4 47.Rff3 h5 48.Rd3 Rfc7 49.Kh2 R7c6
50.Kg1 Kf6 51.Kh2 Re4 52.Kg1 h4 53.Rfe3 Ke5 54.Kf2 Rc4 55.Rd8 Ra4 56.Re8+ Kf4
57.R3xe4+ fxe4 58.Rf8+ Kg5 59.Ke3 Rc4 60.Rf2 Rxc3+ 61.Kxe4 Rg3 62.Kd4 Kh5
63.Ke4 Ra3 64.Rb2 g5 65.Rc2 Rg3 66.Ra2  1/2-1/2

[Event "8th It"]
[Site "Montreal CAN"]
[Date "2007.07.25"]
[Round "6"]
[White "Bluvshtein,M"]
[Black "Tiviakov,S"]
[Result "0-1"]
[WhiteElo "2520"]
[BlackElo "2648"]

1.d4 Nf6 2.c4 e6 3.g3 d5 4.Bg2 Bb4+ 5.Nd2 O-O 6.Nf3 dxc4 7.Qc2 c5 8.dxc5 Nc6
9.O-O Qe7 10.Nxc4 Bxc5 11.Bf4 Nb4 12.Qb3 a5 13.Be3 b5 14.Na3 Ba6 15.Bxc5 Qxc5
16.Rac1 Qb6 17.Nc2 Nbd5 18.Rfe1 b4 19.Ncd4 a4 20.Qc2 Rfb8 21.e4 b3 22.Qd2 Nb4
23.axb3 Nd3 24.Rc6 Qd8 25.Re3 Nb4 26.Rc1 Ng4 27.Rec3 Na2 28.bxa4 e5 29.Nb3 Rxb3  0-1

[Event "IX EICC"]
[Site "Plovdiv BUL"]
[Date "2008.04.27"]
[Round "7"]
[White "Tiviakov,S"]
[Black "Popov,Iv RUS"]
[Result "1-0"]
[WhiteElo "2635"]
[BlackElo "2594"]

1.e4 c6 2.d3 d5 3.Nd2 e5 4.Ngf3 Bd6 5.d4 exd4 6.exd5 cxd5 7.Nxd4 Nc6 8.Bb5 Ne7
9.N2b3 O-O 10.O-O a6 11.Bd3 Nxd4 12.Nxd4 Nc6 13.Be3 f5 14.c3 Ne5 15.Nf3 Be6
16.Re1 Qc7 17.Bd4 Nxf3+ 18.Qxf3 Rae8 19.h3 Qf7 20.Be5 Bxe5 21.Rxe5 g6 22.Bc2 Qd7
23.Rd1 Bf7 24.Rxe8 Rxe8 25.Qd3 Re5 26.Bb3 Qe7 27.Kf1 f4 28.c4 dxc4 29.Bxc4 Bxc4
30.Qxc4+ Qf7 31.Rd8+ Kg7 32.Qd4 Qf5 33.Kg1 Kh6 34.Rd7 Re1+ 35.Kh2 Qe5 36.Qb4 Kg5
37.Rxh7 f3+ 38.g3 Qe4 39.Qd2+  1-0

[Event "Politiken Cup"]
[Site "Helsingor DEN"]
[Date "2008.07.19"]
[Round "1"]
[White "Tiviakov,S"]
[Black "Jensen,I"]
[Result "1-0"]
[WhiteElo "2645"]
[BlackElo "2005"]

1.e4 e5 2.Bc4 d6 3.Nf3 Be7 4.O-O Nf6 5.Re1 O-O 6.c3 Be6 7.Bxe6 fxe6 8.Qb3 Qc8
9.d4 Nc6 10.dxe5 Nxe5 11.Nxe5 dxe5 12.f3 b6 13.Be3 Bd6 14.Nd2 Qe8 15.a4 Nd7
16.Nc4 Qg6 17.Kh1 Qf6 18.Rad1 Nc5 19.Qb5 Rad8 20.b4 Nb7 21.Qa6 Rb8 22.Qxa7 Qf7
23.a5 b5 24.a6 Ra8 25.Qxb7 bxc4 26.a7 Qe8 27.b5 Qc8 28.Qxc8 Rfxc8 29.Rxd6 cxd6
30.b6  1-0

[Event "Politiken Cup"]
[Site "Helsingor DEN"]
[Date "2008.07.20"]
[Round "2"]
[White "Krasenkova,I"]
[Black "Tiviakov,S"]
[Result "0-1"]
[WhiteElo "2171"]
[BlackElo "2645"]

1.d4 Nf6 2.c4 e6 3.g3 d5 4.Nf3 Bb4+ 5.Bd2 Be7 6.Bg2 O-O 7.O-O c6 8.Qb3 Nbd7
9.Bg5 h6 10.Bxf6 Bxf6 11.Rd1 dxc4 12.Qxc4 e5 13.Nc3 Nb6 14.Qd3 exd4 15.Nxd4 Qe7
16.Qe4 Qb4 17.Rab1 Bd7 18.a3 Qc4 19.e3 Rad8 20.Rbc1 Na4 21.Nce2 Qa6 22.b3 Nb6
23.a4 Rfe8 24.Qf3 Qa5 25.Nf4 Bc8 26.h4 Qb4 27.Nd3 Qa3 28.Ra1 Qf8 29.a5 Nd5
30.a6 c5 31.axb7 Bxb7 32.Rxa7 cxd4 33.Rxb7 dxe3 34.Bf1 e2 35.Bxe2 Rxe2 36.Qxe2 Nc3
37.Qf3 Nxd1 38.Qxd1 Qd6 39.Qh5 Qxd3 40.Qxf7+ Kh8 41.b4 Qb1+ 42.Kg2 Qe4+ 43.Kh2 Qf3
44.Kh3 h5  0-1

[Event "Politiken Cup"]
[Site "Helsingor DEN"]
[Date "2008.07.26"]
[Round "9"]
[White "Tiviakov,S"]
[Black "Olsen,H"]
[Result "1-0"]
[WhiteElo "2645"]
[BlackElo "2368"]

1.e4 e5 2.Nf3 Nc6 3.Bb5 a6 4.Ba4 Nf6 5.Qe2 b5 6.Bb3 Be7 7.c3 O-O 8.d4 d6
9.a4 Bd7 10.O-O Qe8 11.a5 Bd8 12.Re1 Bg4 13.d5 Ne7 14.Bc2 c6 15.dxc6 Nxc6
16.b4 Rc8 17.Na3 Nh5 18.h3 Be6 19.Be3 f5 20.exf5 Bxf5 21.Bxf5 Rxf5 22.c4 e4
23.Bd2 Bf6 24.Rad1 Rxf3 25.gxf3 Qg6+ 26.Kh2 Be5+ 27.f4 Nxf4 28.Bxf4 Bxf4+
29.Kh1 Ne5 30.Qxe4 Qh6 31.Kg2 bxc4 32.b5 Rf8 33.Nxc4 Qg5+ 34.Kf1 Bh2 35.Qg2 Bg3
36.Qd5+ Kh8 37.Nxe5 dxe5 38.Re2 Qh5 39.Rd3 Qg6 40.Qc5  1-0

[Event "Masters"]
[Site "Trieste ITA"]
[Date "2008.09.07"]
[Round "9"]
[White "Drazic,S"]
[Black "Tiviakov,S"]
[Result "0-1"]
[WhiteElo "2505"]
[BlackElo "2645"]

1.d4 Nf6 2.c4 e6 3.Nc3 Bb4 4.e3 O-O 5.Ne2 d5 6.a3 Be7 7.Ng3 Nbd7 8.Be2 dxc4
9.Bxc4 c5 10.dxc5 Bxc5 11.O-O Be7 12.Be2 b6 13.b4 Bb7 14.Bb2 a5 15.Qb3 Qb8
16.Rad1 axb4 17.axb4 Ne5 18.b5 Ned7 19.Rd4 Nc5 20.Qc2 Rd8 21.Rfd1 Rxd4 22.Rxd4 Qc7
23.Qd1 Rc8 24.h3 Ne8 25.Bf1 Bd6 26.Nce4 Be5 27.Nxc5 Bxd4 28.Nxe6 fxe6 29.Qxd4 Qd6
30.Qa4 Nf6 31.Qa7 Qc7 32.Qa1 Nd5 33.Nh5 Qf7 34.Qd1 Rf8 35.Qe2 Nf6 36.Nxf6+ gxf6
37.f4 Qg6 38.Bd4 h5 39.Qa2 Qe4 40.Qf2 Kh7 41.Qe2 Qf5 42.Bxb6 Rg8 43.Qd1 Bd5
44.Kh2 Qg6 45.Kg1 Rb8 46.Qc1 Kg8 47.Bd4 Ra8 48.b6 Ra2 49.Bb2 h4 50.Qc8+ Kh7
51.Qc3 Kg7 52.Qd4 Ra8 53.Qb4 Kh6 54.Qd2 Kg7 55.Qe1 Ra2 56.Qc3 Ra8 57.Ba3 Qe4
58.Bb2 Kg8 59.Qc1 Kg7 60.Qc7+ Kg8 61.Qc3 Rb8 62.Qc5 Rf8 63.Qc3 Rf7 64.Qe1 Rg7
65.Qf2 Rg6 66.Kh2 Kf7 67.Bd4 Rg8 68.Qe2 Rg6 69.Qb2 Kg7 70.Qf2 Kf7 71.Bc3 Rg8
72.Qe2 Rg3 73.Qh5+ Qg6 74.Qxg6+ Kxg6 75.Bd4 Bb7 76.Kg1 Kf7 77.Kf2 Ke7 78.Bc5+ Kf7
79.Bd6 Rg6 80.Ke1 Ke8 81.Bb5+ Kd8 82.Bc7+ Ke7 83.Bf1 Rg8 84.Kf2 Be4 85.Ke1 Ra8
86.Kf2 Ra2+ 87.Kg1 Kd7 88.Bb8 Rc2 89.Bc7 Rb2 90.Bb8 Rxb6 91.Ba7 Rb1 92.Kf2 Rb2+
93.Kg1 Ke7 94.Bd4 Rc2 95.Bb6 Rc1 96.Kf2 Kf7 97.Bd4 Kg7 98.Bb6 Kg6 99.Bd4 Rd1
100.Bc3 Kf5 101.Be1 Ra1 102.Bb4 Ra4 103.Be7 Ra2+ 104.Kg1 Rb2 105.Ba3 Rb3
106.Bc5 Bd3 107.Bxd3+ Rxd3 108.Kf2 Ke4 109.Be7 Rd2+ 110.Kg1 f5 111.Bxh4 Kxe3
112.Bg5 Rd1+ 113.Kh2 Kf2 114.Bh4+ Kf1 115.g4 Rd2+ 116.Kg3 Rd3+ 117.Kh2 e5
118.gxf5 e4 119.Be7 Rd2+ 120.Kh1 Rd5 121.f6 Rf5 122.Kh2 Kf2 123.h4 e3 124.f7 e2  0-1

[Event "12th Corsica Masters"]
[Site "Bastia/Ajaccio FRA"]
[Date "2008.10.25"]
[Round "2"]
[White "Teychene,JL"]
[Black "Tiviakov,S"]
[Result "0-1"]
[WhiteElo "2029"]
[BlackElo "2686"]

1.Nf3 Nf6 2.d4 e6 3.c4 b6 4.g3 Bb7 5.Bg2 c6 6.O-O Be7 7.Nc3 d5 8.Ne5 Nfd7
9.Nxd7 Qxd7 10.cxd5 cxd5 11.Bf4 O-O 12.Qd2 Nc6 13.Rad1 Bf6 14.e4 Na5 15.e5 Be7
16.Qe2 Rac8 17.Qg4 Rfe8 18.Bc1 b5 19.Ne2 Kh8 20.Nf4 Rg8 21.Nh5 b4 22.f4 Ba6
23.Rf2 Bd3 24.Qf3 Be4 25.Qe3 Nc4 26.Qe2 Bxg2 27.Kxg2 g6 28.Nf6 Bxf6 29.exf6 Qd8
30.b3 Nd6 31.f5 gxf5 32.Bf4 Ne4 33.Be5 Nxf2 34.Qxf2 Rc3 35.Qf4 Rc2+ 36.Rd2 Qc8
37.Qf2 Rxd2 38.Qxd2 a5 39.Kh3 Qc3 40.Qf2 Qd3 41.Bf4 Ra8 42.Bc1 a4 43.bxa4  0-1

[Event "12th Corsica Masters"]
[Site "Bastia/Ajaccio FRA"]
[Date "2008.10.25"]
[Round "4"]
[White "Djuric,S"]
[Black "Tiviakov,S"]
[Result "1/2-1/2"]
[WhiteElo "2463"]
[BlackElo "2686"]

1.Nf3 Nf6 2.c4 b6 3.Nc3 Bb7 4.d4 e6 5.a3 g6 6.Qc2 Bxf3 7.exf3 Bg7 8.h4 d5
9.cxd5 Nxd5 10.Nxd5 Qxd5 11.Bc4 Qc6 12.Qd3 O-O 13.h5 Nd7 14.hxg6 hxg6 15.Bg5 Nf6
16.Bxf6 Bxf6 17.d5 Qd6 18.dxe6 Qxd3 19.exf7+ Rxf7 20.Bxd3 Bxb2 21.Ra2 Bc3+
22.Ke2 Kg7 23.Rc2 Be5 24.Rc6 Bd6 25.Rh4 Re8+ 26.Be4 Re5 27.Rg4 Rf6 28.a4 Ra5
29.Bc2 a6 30.f4 Kf7 31.g3 Rh5 32.Bd3 Ra5 33.Bc2 Rh5 34.Bd3 Rh8  1/2-1/2

[Event "12th Corsica Masters"]
[Site "Bastia/Ajaccio FRA"]
[Date "2008.10.26"]
[Round "6"]
[White "Massoni,M"]
[Black "Tiviakov,S"]
[Result "1/2-1/2"]
[WhiteElo "2244"]
[BlackElo "2686"]

1.e4 d5 2.exd5 Qxd5 3.Nf3 Bg4 4.Nc3 Qd6 5.Bc4 Nf6 6.Qe2 Nc6 7.Ne4 Nxe4 8.Qxe4 Bh5
9.c3 Bg6 10.Qe2 Na5 11.d4 Nxc4 12.Qxc4 c6 13.O-O e6 14.Ne5 Qd5 15.Qa4 Be7
16.Re1 Bf5 17.Be3 O-O 18.c4 Qd6 19.a3 Rfd8 20.Rad1 Qc7 21.Bf4 Qb6 22.b4 a5
23.c5 Qa6 24.d5 cxd5 25.b5 Qa7 26.c6 Bc5 27.Bg3 Rdc8 28.Rc1 bxc6 29.bxc6 Be7
30.Nd7 Bd3 31.Ne5 Bf5 32.Nd7 Bd3 33.Ne5 Bf5 34.Nd7 Bf8 35.Ra1  1/2-1/2

[Event "12th Corsica Masters"]
[Site "Bastia/Ajaccio FRA"]
[Date "2008.10.26"]
[Round "7"]
[White "Tiviakov,S"]
[Black "Humeau,C"]
[Result "1/2-1/2"]
[WhiteElo "2686"]
[BlackElo "2203"]

1.e4 e5 2.Nf3 Nc6 3.Bc4 Be7 4.d3 Nf6 5.O-O O-O 6.c3 d6 7.Be3 Nd7 8.Bb3 Bf6
9.Nbd2 Nc5 10.Bc2 Ne6 11.Re1 h6 12.Nf1 Ng5 13.N3d2 Ne6 14.Nb3 a5 15.Ng3 Bg5
16.a4 g6 17.Qd2 Nf4 18.d4 Qf6 19.f3 Bd7 20.Rad1 Rad8 21.d5 Ne7 22.Nxa5 b6
23.Nc4 Kg7 24.Ne2 Nxe2+ 25.Rxe2 Bxe3+ 26.Qxe3 Rh8 27.b4 g5 28.a5 bxa5 29.Nxa5 Ng6
30.Bd3 h5 31.Nc4 Rdg8 32.Rde1 Nf4 33.Rd2 g4 34.Rf2 Qg5 35.Kh1 Kh6 36.Nd2 Rg6
37.Rg1 Rhg8 38.b5 Kh7 39.Nb3 R8g7  1/2-1/2

[Event "IX Rapid Open"]
[Site "El Sauzal ESP"]
[Date "2008.11.01"]
[Round "1"]
[White "Tiviakov,S"]
[Black "Perez de la Torre,J"]
[Result "1-0"]
[WhiteElo "2686"]
[BlackElo "1700"]

1.e4 c6 2.d4 d5 3.Nd2 dxe4 4.Nxe4 Bf5 5.Ng3 Bg6 6.Bc4 e6 7.N1e2 Nf6 8.Nf4 Nd5
9.Nxg6 hxg6 10.Ne4 Nd7 11.Qe2 Qc7 12.g3 Be7 13.Bd2 O-O-O 14.O-O-O N7f6 15.Ng5 Bd6
16.Bb3 Nh7 17.Nf3 Nhf6 18.c4  1-0

[Event "IX Rapid Open"]
[Site "El Sauzal ESP"]
[Date "2008.11.01"]
[Round "2"]
[White "Barrio Pareja,E"]
[Black "Tiviakov,S"]
[Result "0-1"]
[WhiteElo "2032"]
[BlackElo "2686"]

1.e4 d5 2.exd5 Qxd5 3.Nf3 Bg4 4.Be2 Nc6 5.d4 O-O-O 6.c4 Qa5+ 7.Nc3 Bxf3 8.Bxf3 Nxd4
9.O-O Nf6 10.Be3 Nxf3+ 11.Qxf3 e6 12.Nb5 a6 13.b4 Qa4 14.Na7+ Kb8 15.b5 Rd3
16.Rab1 Bc5 17.bxa6 Qxa6 18.Nc6+ Kc8 19.Ne5 Ra3 20.Qg3 Ne8 21.Nxf7 Rf8 22.Ng5 Bxe3
23.fxe3 Rxf1+ 24.Rxf1 Qxc4 25.Qf2 Rxa2 26.Qf8 Qc6 27.e4 b6 28.Nf7 Qc5+ 29.Qxc5 bxc5
30.Rc1 h6 31.Rxc5 Kd7 32.Ne5+ Kd6 33.Rb5 Ra4 34.Nf7+ Ke7 35.Ne5 Rxe4 36.Nf3 Nd6
37.Rb1 Rc4  0-1

[Event "IX Rapid Open"]
[Site "El Sauzal ESP"]
[Date "2008.11.01"]
[Round "3"]
[White "Tiviakov,S"]
[Black "Saumweber,Walter"]
[Result "1-0"]
[WhiteElo "2686"]
[BlackElo "2209"]

1.e4 e6 2.d4 d5 3.Nd2 Nf6 4.e5 Nfd7 5.c3 c5 6.Bd3 Nc6 7.Ne2 Qb6 8.Nf3 cxd4
9.cxd4 f6 10.exf6 Nxf6 11.O-O Bd6 12.b3 e5 13.dxe5 Nxe5 14.Nxe5 Bxe5 15.Rb1 O-O
16.Bf4 Qd6 17.Bxe5 Qxe5 18.Ng3 Bg4 19.Qd2 Rae8 20.Qb4 Qe7 21.Qd4 b6 22.Rbc1 Rc8
23.h3 Rxc1 24.Rxc1 Rc8 25.Rf1 Bd7 26.Ne2 Qa3 27.Nf4 Qd6 28.Rd1 Qc5 29.Qxc5 bxc5
30.Nxd5 Nxd5 31.Bc4 Be6 32.Bxd5 Kf7 33.Kf1 Kf6 34.Bxe6 Kxe6 35.Rc1 Kd5 36.Ke2 Rc7
37.Kd3 Rf7 38.f3 Re7 39.Kd2 Kd4 40.Rc4+ Kd5 41.Rh4 h6 42.Rg4 Rd7 43.Kc3 Re7
44.h4 Re3+ 45.Kd2 Re7 46.Kd3 Rd7 47.Re4 Rf7 48.Kc3 g5 49.hxg5 hxg5 50.Rg4 Rf5
51.Kd3 Re5 52.Re4 Rxe4 53.fxe4+ Ke5 54.Ke3 g4 55.g3 a6 56.a3 a5 57.a4  1-0

[Event "IX Rapid Open"]
[Site "El Sauzal ESP"]
[Date "2008.11.02"]
[Round "6"]
[White "Epishin,V"]
[Black "Tiviakov,S"]
[Result "0-1"]
[WhiteElo "2581"]
[BlackElo "2686"]

1.d4 Nf6 2.Nf3 e6 3.Bf4 b6 4.Nbd2 Bb7 5.h3 c5 6.e3 Be7 7.Bd3 d6 8.O-O O-O
9.Bh2 cxd4 10.exd4 Nbd7 11.Re1 Re8 12.a4 a6 13.c3 Bf8 14.Qc2 g6 15.Rad1 Rc8
16.Qb1 Qc7 17.Bf1 Qb8 18.Ng5 Be7 19.Qd3 Nh5 20.Ngf3 Ndf6 21.c4 Qa8 22.b3 d5
23.Ne5 Ng7 24.Ndf3 Ne4 25.Rc1 Bb4 26.Red1 Red8 27.Bf4 Nf5 28.Ng4 a5 29.Nh6+ Nxh6
30.Bxh6 Nd6 31.Bg5 dxc4 32.bxc4 Bxf3 33.gxf3 Rd7 34.d5 e5 35.Be3 Qb7 36.h4 Re8
37.Bh3 Rc7 38.h5 Bc5 39.Kh1 Qb8 40.Bg5 Bxf2 41.Rf1 Bc5 42.Bf6 e4 43.Qc3 e3
44.Bh8 f6 45.Bxf6 e2 46.Rfe1 Bb4 47.Qa1 Bxe1 48.Rxe1 Rxc4 49.Be6+ Rxe6 50.dxe6 Qf8
51.Qe5 Ne8 52.e7 Qxf6  0-1

[Event "TCh-HUN 2008-9"]
[Site "Paks HUN"]
[Date "2008.12.21"]
[Round "4"]
[White "Tiviakov,S"]
[Black "Predojevic,B"]
[Result "1/2-1/2"]
[WhiteElo "2686"]
[BlackElo "2615"]

1.e4 e6 2.d4 d5 3.Nd2 c5 4.exd5 Qxd5 5.dxc5 Bxc5 6.Ngf3 Nf6 7.Bd3 b6 8.Qe2 Bb7
9.Nb3 Nbd7 10.Nxc5 Nxc5 11.Bb5+ Ke7 12.O-O Rhd8 13.Bc4 Qh5 14.Ne5 Qxe2 15.Bxe2 Rac8
16.c4 Nfe4 17.f3 Nd6 18.b3 Nf5 19.Rb1 f6 20.Ng4 Nd4 21.Bd1 Kf7 22.Nf2  1/2-1/2

[Event "TCh-HUN 2008-9"]
[Site "Szombathely HUN"]
[Date "2009.01.25"]
[Round "6"]
[White "Tiviakov,S"]
[Black "Babula,V"]
[Result "1/2-1/2"]
[WhiteElo "2686"]
[BlackElo "2608"]

1.e4 c5 2.Nf3 e6 3.d4 cxd4 4.Nxd4 Nf6 5.Nc3 d6 6.Be3 Be7 7.Be2 Nc6 8.O-O O-O
9.f4 Bd7 10.Nb3 Rc8 11.Kh1 a6 12.a4 Na5 13.Nd2 Bc6 14.Bd4 Be8 15.Bd3 Nc6
16.Bg1 Nb4 17.Qe2 Nd7 18.Rf3 Nc5 19.Rh3 g6 20.Nf3 Bf6 21.e5 Ncxd3 22.cxd3  1/2-1/2

[Event "Open A"]
[Site "Moscow RUS"]
[Date "2009.02.02"]
[Round "3"]
[White "Tiviakov,S"]
[Black "Pridorozhni,A"]
[Result "1-0"]
[WhiteElo "2684"]
[BlackElo "2515"]

1.e4 e5 2.Bc4 Nf6 3.d3 c6 4.Nf3 d5 5.Bb3 Bb4+ 6.c3 Bd6 7.O-O O-O 8.Re1 dxe4
9.dxe4 Na6 10.Bg5 Nc5 11.Bc2 h6 12.Bh4 a5 13.Nbd2 b5 14.Nf1 g5 15.Bg3 Qe7
16.N3d2 Be6 17.Ne3 Rad8 18.Qe2 Bc7 19.Nf5 Bxf5 20.exf5 Rfe8 21.b4 axb4 22.cxb4 Na4
23.Ne4 Rd4 24.a3 Nxe4 25.Bxe4 Nc3 26.Qf3 Nxe4 27.Rxe4 Rxe4 28.Qxe4 Qf6 29.Rc1 Rd8
30.h3 Rd5 31.Kh2 h5 32.f3 Bb6 33.h4 gxh4 34.Qxh4 Qxh4+ 35.Bxh4 c5 36.Bf2 cxb4
37.Bxb6 bxa3 38.Bc5 a2 39.Be7 Kg7 40.Rc6 f6 41.Ra6 Kf7 42.Bb4 Rd4 43.Bc3 Rf4
44.Ra7+ Kg8 45.Rxa2 Rxf5 46.Bd2 e4 47.fxe4 Re5 48.Ra6 Rxe4 49.Rxf6 Rh4+ 50.Kg3 Rd4
51.Bf4 b4 52.Rf5 h4+ 53.Kf3 Rc4 54.Rh5 Rc6 55.Rxh4 b3 56.Be5  1-0

[Event "Open A"]
[Site "Moscow RUS"]
[Date "2009.02.04"]
[Round "5"]
[White "Tiviakov,S"]
[Black "Deviatkin,A"]
[Result "1-0"]
[WhiteElo "2684"]
[BlackElo "2566"]

1.e4 e5 2.Nf3 Nf6 3.d4 Nxe4 4.Bd3 d5 5.Nxe5 Nd7 6.O-O Nxe5 7.dxe5 Nc5 8.Nc3 c6
9.Qf3 Be6 10.Ne2 Qd7 11.Nf4 Nxd3 12.cxd3 g6 13.d4 Bg7 14.b3 O-O 15.Ba3 Rfe8
16.Rfe1 Bf5 17.Qg3 Kh8 18.Bd6 f6 19.h4 Qf7 20.Re2 fxe5 21.dxe5 Be6 22.Qg5 a5
23.Rd1 Qf5 24.f3 b6 25.Kf2 Rac8 26.g4 Qf7 27.h5 gxh5 28.Nxh5 Rg8 29.Rh1 d4
30.Be7 Bxg4 31.Nf6 Bh6 32.Qxh6 Rg7 33.Qxh7+ Rxh7 34.Rxh7+ Qxh7 35.Nxh7  1-0

[Event "2nd Pfalz Open"]
[Site "Neustadt an der Weinstrasse GER"]
[Date "2009.02.16"]
[Round "3"]
[White "Tiviakov,S"]
[Black "Gaponenko,I"]
[Result "1-0"]
[WhiteElo "2684"]
[BlackElo "2450"]

1.e4 c5 2.Nf3 d6 3.d4 cxd4 4.Nxd4 Nf6 5.Nc3 g6 6.Be3 Bg7 7.Be2 Nc6 8.O-O O-O
9.Qd2 d5 10.exd5 Nxd5 11.Nxc6 bxc6 12.Rad1 Be6 13.Bd4 Rb8 14.Bxg7 Kxg7 15.Na4 Nf6
16.Qe3 Qa5 17.b3 Rb4 18.c4 Rxa4 19.bxa4 Qxa4 20.Rd2 Rb8 21.Rc1 Qa5 22.h3 h5
23.Bf3 Rb4 24.c5 Qc7 25.a3 Rb3 26.Rd3 Rxd3 27.Qxd3 Bd5 28.Be2 Ne4 29.Qe3 Kh7
30.Bd3 Nf6 31.Re1 Be6 32.Qd4 Qa5 33.Re3 Kg7 34.Bc2 Qc7 35.Bxg6 Kxg6 36.Rg3+ Kh7
37.Qd3+ Kh8 38.Qe3 Bf5 39.Qh6+  1-0

[Event "2nd Pfalz Open"]
[Site "Neustadt an der Weinstrasse GER"]
[Date "2009.02.20"]
[Round "7"]
[White "Tiviakov,S"]
[Black "Buhmann,R"]
[Result "1-0"]
[WhiteElo "2684"]
[BlackElo "2565"]

1.e4 e5 2.Nf3 Nc6 3.Bc4 Nf6 4.d3 Bc5 5.c3 a6 6.Bb3 Ba7 7.h3 d6 8.Nbd2 O-O
9.Nf1 d5 10.Qe2 Be6 11.Bc2 dxe4 12.dxe4 Nh5 13.g3 h6 14.Ne3 b5 15.Nh4 Nf6
16.Nhf5 Ne7 17.g4 Ng6 18.Ng2 Nd7 19.h4 Nc5 20.Qf3 Re8 21.Bd2 c6 22.b3 a5
23.O-O-O a4 24.Bxh6 Qb6 25.Nxg7 axb3 26.Nxe8 bxa2 27.Nf6+ Kh8 28.Kd2 Nf4
29.Nxf4 exf4 30.Qxf4 Bc4 31.Ke1 Rd8 32.Ra1 Qa5 33.Nd5  1-0

[Event "2nd Pfalz Open"]
[Site "Neustadt an der Weinstrasse GER"]
[Date "2009.02.21"]
[Round "8"]
[White "Milov,L"]
[Black "Tiviakov,S"]
[Result "0-1"]
[WhiteElo "2539"]
[BlackElo "2684"]

1.e4 d5 2.exd5 Qxd5 3.Nf3 Nf6 4.d4 g6 5.Nc3 Qd8 6.Bf4 Bg7 7.Qd2 c6 8.h3 Be6
9.Be2 Nbd7 10.O-O O-O 11.Bh6 Bd5 12.Bxg7 Kxg7 13.Ne5 Bxg2 14.Nxf7 Rxf7 15.Kxg2 Nb6
16.f4 Qd7 17.Qe3 Rd8 18.Rad1 Nbd5 19.Qf3 Nxc3 20.bxc3 Nd5 21.Qe4 Qd6 22.Rf3 Rxf4
23.Qe5+ Qxe5 24.dxe5 Rxf3 25.Kxf3 Rf8+ 26.Kg3 Nxc3 27.Re1 Nxa2 28.Bf3 Nc3
29.Re3 Na4 30.Ra3 Nc5 31.Rxa7 Rf5 32.e6 Re5 33.Bg4 h5 34.Bf3 Rxe6  0-1

[Event "10th EICC"]
[Site "Budva MNE"]
[Date "2009.03.12"]
[Round "7"]
[White "Papaioannou,I"]
[Black "Tiviakov,S"]
[Result "1-0"]
[WhiteElo "2609"]
[BlackElo "2684"]

1.d4 Nf6 2.c4 e6 3.g3 d5 4.Bg2 Bb4+ 5.Nd2 Nc6 6.Nf3 dxc4 7.O-O c3 8.Nc4 cxb2
9.Bxb2 O-O 10.Rc1 Be7 11.Qd3 Bd7 12.a3 a6 13.Rfd1 Na7 14.Nfe5 Rb8 15.Na5 Bb5
16.Qc2 c6 17.Nac4 Nc8 18.a4 Bxc4 19.Qxc4 Nb6 20.Qa2 Nbd5 21.a5 Rc8 22.Qa1 Re8
23.h4 Nc7 24.Rd3 Nb5 25.Rcd1 Qc7 26.e4 Rcd8 27.g4 Bf8 28.g5 Nd7 29.Ng4 e5
30.d5 c5 31.Rg3 c4 32.Qc1 Bb4 33.Bf1 Rc8 34.Qe3 Qd6 35.Qf3 c3 36.Bxb5 axb5
37.Bc1 Kf8 38.h5 Bc5 39.g6 hxg6 40.hxg6 f6 41.Qh1 Ke7 42.Qh7 Kd8 43.Qxg7 Qe7
44.Qh6 Bd4 45.g7 Rg8 46.Nxf6 Nxf6 47.Bg5 Kc7 48.Rxc3+ Bxc3 49.d6+ Qxd6 50.Rxd6 Kxd6
51.Qxf6+ Kc7 52.Qf7+ Kb8 53.a6 bxa6 54.Be7 Bd4 55.Bf8 Rxg7+ 56.Qxg7 Rc1+
57.Kg2 Rc2 58.Bd6+ Kc8 59.Qf8+ Kb7 60.Qb8+  1-0

[Event "37th Greek Teams"]
[Site "Kallithea GRE"]
[Date "2009.07.05"]
[Round "5"]
[White "Tiviakov,S"]
[Black "Rozentalis,E"]
[Result "1/2-1/2"]
[WhiteElo "2674"]
[BlackElo "2588"]

1.e4 e5 2.Bc4 Nf6 3.d3 c6 4.Nf3 d5 5.Bb3 Bd6 6.Nc3 dxe4 7.Ng5 O-O 8.Ncxe4 Nxe4
9.Nxe4 Bf5 10.O-O Na6 11.Qf3 Bxe4 12.dxe4 Nc5 13.Bc4 b5 14.Be2 Qh4 15.Be3 Ne6
16.g3 Qe7 17.c3 Bc5 18.Bd2 Rad8 19.Rad1 Rd6 20.Bc1 Rfd8 21.h4 R8d7 22.Rxd6 Rxd6
23.Rd1 g6 24.Rxd6 Qxd6 25.Bd1 h5 26.Bb3 Kg7 27.Kf1 Qd7 28.Ke1 Bb6 29.Qd1 Qe7
30.Qd2 Kg8 31.Bc2 Qc5 32.b4 Qe7 33.Kf1 a5 34.a3 c5 35.Kg2  1/2-1/2

[Event "16th Vienna Open"]
[Site "Vienna AUT"]
[Date "2009.08.15"]
[Round "1"]
[White "Tiviakov,S"]
[Black "Bijlsma,N"]
[Result "1-0"]
[WhiteElo "2674"]
[BlackElo "1982"]

1.e4 c5 2.c3 g6 3.d4 cxd4 4.cxd4 d5 5.e5 Bg7 6.Nc3 Nc6 7.Bb5 a6 8.Bxc6+ bxc6
9.Bf4 Bd7 10.Nf3 Bg4 11.O-O Bxf3 12.Qxf3 Nh6 13.Na4 Nf5 14.Qc3 O-O 15.Rfd1 Rc8
16.Nc5 e6 17.Nxa6 f6 18.Nc5 Qe7 19.Re1 fxe5 20.Bxe5 Bh6 21.Rad1 Qf7 22.Re2 Rfe8
23.a4 g5 24.Rde1 g4 25.Bg3 Ng7 26.Nd3 Nf5 27.b4 Qg7 28.Be5 Qg6 29.a5 Nh4
30.Bg3 Bg5 31.Ne5 Qh5 32.Bxh4 Bxh4 33.Nxc6  1-0

[Event "16th Vienna Open"]
[Site "Vienna AUT"]
[Date "2009.08.16"]
[Round "2"]
[White "Holzer,G"]
[Black "Tiviakov,S"]
[Result "0-1"]
[WhiteElo "2238"]
[BlackElo "2674"]

1.e4 d5 2.exd5 Qxd5 3.Nf3 Nf6 4.Nc3 Qd6 5.d4 c6 6.g3 Bg4 7.Bg2 e6 8.O-O Be7
9.Ne2 O-O 10.Bf4 Qd8 11.h3 Bh5 12.Bxb8 Rxb8 13.Nf4 Bxf3 14.Bxf3 Qb6 15.Rb1 Rfd8
16.c3 e5 17.Qe2 exf4 18.Qxe7 fxg3 19.fxg3 Rd7 20.Qe3 Re8 21.Qf2 Rde7 22.Rbd1 Re3
23.Kh2 Qb5 24.Rd2 h6 25.Rg1 Qg5 26.Rg2 h5 27.Re2 Rxe2 28.Bxe2 Qc1 29.g4 hxg4
30.hxg4 Ne4 31.Qf3 Ng5 32.Qf5 Re6  0-1

[Event "16th Vienna Open"]
[Site "Vienna AUT"]
[Date "2009.08.17"]
[Round "3"]
[White "Tiviakov,S"]
[Black "Buljubasic,Sab"]
[Result "1-0"]
[WhiteElo "2674"]
[BlackElo "2328"]

1.e4 c5 2.c3 d5 3.exd5 Qxd5 4.d4 Nf6 5.Nf3 e6 6.Na3 Qd8 7.Nc2 Nc6 8.Bd3 Be7
9.O-O O-O 10.Qe2 Qc7 11.dxc5 Bxc5 12.Bg5 Be7 13.Ncd4 Nxd4 14.Nxd4 a6 15.Rfe1 Re8
16.Rad1 Bd7 17.Qf3 Rac8 18.Bb1 Rcd8 19.Rd2 Bc8 20.Rde2 h6 21.Bh4 Nd5 22.Bg3 Qb6
23.Qd3 Nf6 24.Be5 Kf8 25.h3 Rd5 26.Qf3 Rxe5 27.Rxe5 Qxb2 28.R5e2 Qa3 29.Nb3 Qd6
30.Nd2 Qc7 31.Ne4 b5 32.Nxf6 Bxf6 33.Re3 Bb7 34.Be4 Bxe4 35.Qxe4 Bxc3 36.Rc1 f5
37.Qb1 b4 38.Qxb4+ Bxb4 39.Rxc7 a5 40.a3 Bd6 41.Rd7 Bf4 42.Rb3 Re7 43.Rbb7 Bd6
44.Rxe7 Bxe7 45.a4 g5 46.Kf1 h5 47.Ke2 g4 48.Ra7  1-0

[Event "16th Vienna Open"]
[Site "Vienna AUT"]
[Date "2009.08.18"]
[Round "4"]
[White "Bawart,M"]
[Black "Tiviakov,S"]
[Result "1/2-1/2"]
[WhiteElo "2385"]
[BlackElo "2674"]

1.Nf3 Nf6 2.g3 b6 3.Bg2 Bb7 4.c4 e6 5.O-O Be7 6.d4 c6 7.Nc3 d5 8.cxd5 cxd5
9.Qa4+ Bc6 10.Qd1 Nbd7 11.Bf4 O-O 12.Qd3 Nh5 13.Bd2 Qb8 14.Rac1 Rc8 15.Ng5 Nhf6
16.e4 Nxe4 17.Ncxe4 dxe4 18.Bxe4 Bxe4 19.Qxe4 Nf6 20.Qf3 Qd6 21.Be3 Qd5 22.a3 h6
23.Qxd5 Nxd5 24.Nf3 f6 25.Rfd1 Kf7 26.Kf1 g5 27.Ke2 h5 28.Bd2 Bd6 29.h4 g4
30.Ne1 Kg6 31.Ng2 Rd8 32.Ne3 Ne7 33.Bc3 Rd7 34.Rd3 Rad8 35.Rcd1 Bb8 36.a4 f5
37.Bb4 Nc6 38.Bc3 f4 39.gxf4 Ne7 40.Ng2 Nf5 41.a5 b5 42.a6 Rd6 43.d5 Rxd5
44.Be5 Ne7 45.Bxb8 Rxb8 46.Ne3 Rxd3 47.Rxd3 Rb6 48.Rd7 Nc6 49.Rd6 Kf7 50.f5 exf5
51.Nxf5 Rxa6  1/2-1/2

[Event "16th Vienna Open"]
[Site "Vienna AUT"]
[Date "2009.08.19"]
[Round "5"]
[White "Tiviakov,S"]
[Black "Ootes,La"]
[Result "1/2-1/2"]
[WhiteElo "2674"]
[BlackElo "2261"]

1.e4 d6 2.d4 Nf6 3.Nc3 g6 4.Be3 c6 5.f3 Nbd7 6.Qd2 b5 7.g4 Nb6 8.Bd3 Qc7
9.g5 Nfd7 10.Nce2 Bb7 11.h4 Bg7 12.Nh3 a6 13.c3 d5 14.e5 Nc4 15.Qc1 Ndxe5
16.dxe5 Nxe5 17.Kd2  1/2-1/2